Who Sang That Song? #5 (00s) - Statistics

General Stats
  • This quiz has been taken 2,172 times
  • The average score is 13 of 20
Answer Stats
Song Artist % Correct
"Single Ladies (Put a Ring On It)" Beyonce
94%
"Poker Face" Lady Gaga
94%
"Tik Tok" Ke$ha
88%
"I Gotta Feeling" Black Eyed Peas
86%
"Viva La Vida!" Coldplay
85%
"American Idiot" Green Day
84%
"Gold Digger" Kanye West ft. Jamie Foxx
83%
"Hey Ya!" OutKast
81%
"Mr. Brightside" The Killers
75%
"Seven Nation Army" The White Stripes
62%
"All the Small Things" Blink-182
59%
"Hey There Delilah" Plain White T's
57%
"How to Save a Life" The Fray
56%
"Drops of Jupiter (Tell Me)" Train
49%
"Sexyback" Justin Timberlake ft. Timbaland
45%
"Gives You Hell" The All-American Rejects
45%
"Fallin'" Alicia Keys
42%
"Crazy" Gnarls Barkley
40%
"Are You Gonna Be My Girl?" Jet
39%
"Can't Stop" Red Hot Chili Peppers
36%
No matching quizzes found
Score Distribution
Percent of People with Each Score
Percentile by Number Answered
Your Score History
You have not taken this quiz